| 000 | 00676nam a2200145Ia 4500 | ||
|---|---|---|---|
| 008 | 150609s9999 xx 000 0 und d | ||
| 050 |
_aQD 1 _b.Ac185 2015 |
||
| 100 | _aAcosta, Jayson R. | ||
| 245 |
_aIn vitro of the antibacterial activity of unripe musa sapientum var. latundan (banana) fruit extract against staphylococcus aureus / _cJayson R. Acosta, Regil Kent V. Batucan, Jossette I. Leguro, Alfrem Arsecor M. Otanes, Dhan Raymart Pua. |
||
| 260 |
_aLas PiƱas, Philippines : _bSISC, _c2015. |
||
| 300 |
_a66 pages : _bcolor illustrations ; _c28 cm. |
||
| 500 | _aIncludes bibliographical references and appendices. | ||
| 650 | _aBanana | ||
| 650 | _aStaphylococcus Aureus | ||
| 999 |
_c285031 _d285031 |
||